Loading...
| Literature - American | 0 | 6 | 1 | 0 | 55 | 58 | 88.33 | 0 | 0 | 14.79 | 19.32 |
| Fine Arts - Classical Music | 0 | 4 | 0 | 1 | 40 | 57 | 93.75 | 0 | 1 | 5.78 | 13.64 |
| Literature - European | 0 | 4 | 0 | 0 | 40 | 85 | 97.00 | 0 | 0 | 5.58 | 13.64 |
| Fine Arts - Painting and Sculpture | 0 | 3 | 0 | 0 | 30 | 54 | 80.33 | 0 | 1 | 9.14 | 13.64 |
| Fine Arts - Other | 0 | 3 | 0 | 0 | 30 | 37 | 73.33 | 1 | 2 | 9.51 | 19.32 |
| History - European | 0 | 3 | 0 | 1 | 30 | 55 | 90.67 | 0 | 1 | 5.83 | 12.50 |
| Mythology | 0 | 3 | 1 | 1 | 25 | 67 | 76.33 | 1 | 2 | 9.52 | 17.05 |
| Science - Chemistry | 0 | 3 | 1 | 1 | 25 | 57 | 84.33 | 0 | 2 | 7.02 | 17.05 |
| Literature - British | 0 | 2 | 0 | 0 | 20 | 60 | 70.50 | 0 | 1 | 7.04 | 10.23 |
| Social Science | 0 | 2 | 0 | 0 | 20 | 50 | 75.00 | 1 | 1 | 9.76 | 21.43 |
| Science - Other | 0 | 2 | 0 | 1 | 20 | 110 | 119.00 | 0 | 0 | 0.41 | 4.55 |
| Philosophy | 0 | 2 | 0 | 0 | 20 | 34 | 71.50 | 0 | 1 | 7.65 | 13.89 |
| Geography | 0 | 2 | 1 | 0 | 15 | 25 | 59.50 | 0 | 1 | 13.32 | 12.50 |
| History - American | 0 | 2 | 1 | 0 | 15 | 32 | 53.50 | 0 | 2 | 9.13 | 11.36 |
| Literature - World | 0 | 2 | 2 | 0 | 10 | 97 | 102.00 | 0 | 1 | 1.91 | 7.95 |
| Science - Biology | 0 | 1 | 1 | 0 | 5 | 104 | 104.00 | 0 | 1 | 0.00 | 2.27 |
| History - Other | 0 | 1 | 2 | 1 | 0 | 115 | 115.00 | 0 | 0 | 0.00 | 1.14 |
| Science - Physics | 0 | 0 | 1 | 0 | -5 | 0.00 | 0 | 0 | 0.00 | 0.00 |